[Event "Primorsko op-A"]
[Site "Primorsko"]
[Date "2019.09.20"]
[Round "6"]
[White "Genov, Petko"]
[Black "Petrov, Martin"]
[Result "0-1"]
[WhiteElo "2235"]
[BlackElo "2494"]
[PlyCount "74"]
[EventDate "2019.09.15"]
[EventType "swiss"]
[EventRounds "9"]
[EventCountry "BUL"]
[SourceTitle "EXT 2020"]
[Source "ChessBase"]
[SourceDate "2019.10.17"]
[SourceVersion "1"]
[SourceVersionDate "2019.10.17"]
[SourceQuality "1"]

1. Nf3 Nf6 2. c4 e6 3. d4 b6 4. g3 Ba6 5. b3 Bb4+ 6. Bd2 Be7 7. Bg2 0-0 8. 0-0 d5 9. Ne5 c6 10. Bc3 Nfd7 11. Nxd7 Nxd7 12. Nd2 f5 13. Bb2 Rc8 14. Rc1 Bd6 15. Nf3 Qe7 16. Ne1 h5 17. f4 h4 18. Nd3 hxg3 19. hxg3 Nf6 20. e3 g5 21. Ne5 Bxe5 22. dxe5 Ng4 23. Qe2 Qh7 24. Bf3 Qh3 25. Bxg4 Qxg3+ 26. Qg2 Qxg4 27. Qxg4 fxg4 28. fxg5 Rxf1+ 29. Rxf1 dxc4 30. Rf6 Rd8 31. Kg2 Rd2+ 32. Rf2 Rxf2+ 33. Kxf2 c5 34. Bc3 Kf7 35. Kg3 Kg6 36. Kxg4 cxb3 37. axb3 Be2+ 0-1

[Event "Primorsko op-A"]
[Site "Primorsko"]
[Date "2019.09.15"]
[Round "1"]
[White "Dragiev, Drago"]
[Black "Genov, Petko"]
[Result "0-1"]
[WhiteElo "1861"]
[BlackElo "2235"]
[PlyCount "98"]
[EventDate "2019.09.15"]
[EventType "swiss"]
[EventRounds "9"]
[EventCountry "BUL"]
[SourceTitle "EXT 2020"]
[Source "ChessBase"]
[SourceDate "2019.10.17"]
[SourceVersion "1"]
[SourceVersionDate "2019.10.17"]
[SourceQuality "1"]

1. e4 c5 2. Nf3 d6 3. d4 cxd4 4. Nxd4 Nf6 5. Nc3 e6 6. Be2 a6 7. a4 Nc6 8. Be3 Be7 9. 0-0 0-0 10. Bf3 Qc7 11. Nxc6 bxc6 12. a5 Nd7 13. Na4 c5 14. e5 d5 15. c4 Nxe5 16. cxd5 Nxf3+ 17. Qxf3 Bb7 18. Nb6 Rad8 19. Bf4 Bd6 20. Bg5 f6 21. Be3 exd5 22. Qh3 d4 23. Bd2 Rfe8 24. Rae1 Bc6 25. Rxe8+ Rxe8 26. Re1 Rxe1+ 27. Bxe1 Qe7 28. Qb3+ Kf8 29. Qd1 Qe5 30. g3 Qe4 31. f3 Qxf3 32. Qxf3 Bxf3 33. Nc8 Bc7 34. Kf2 Bd5 35. Ke2 Ke8 36. Kd3 Kd7 37. Nb6+ Bxb6 38. axb6 Kc6 39. Ba5 Kb5 40. b4 c4+ 41. Kxd4 Bb7 42. Kc3 f5 43. Kd4 g5 44. Ke3 h6 45. h3 Ka4 46. Kd4 Kb3 47. b5 axb5 48. Kc5 f4 49. gxf4 gxf4 0-1

[Event "BUL-chT2 64th"]
[Site "Sunny Beach"]
[Date "2015.06.01"]
[Round "2.4"]
[White "Mladenov, Emil"]
[Black "Genov, Petko"]
[Result "1/2-1/2"]
[WhiteElo "2095"]
[BlackElo "2270"]
[PlyCount "60"]
[EventDate "2015.05.31"]
[EventType "team-swiss"]
[EventRounds "7"]
[EventCountry "BUL"]
[SourceTitle "CBM 166 Extra"]
[Source "ChessBase"]
[SourceDate "2015.06.18"]
[SourceVersion "1"]
[SourceVersionDate "2015.06.18"]
[SourceQuality "1"]
[WhiteTeam "Slivnitsa Geroy"]
[BlackTeam "Pazardzhik"]
[WhiteTeamCountry "BUL"]
[BlackTeamCountry "BUL"]

1. e4 c5 2. g3 Nc6 3. Bg2 g6 4. Ne2 Bg7 5. c3 e5 6. d3 Nge7 7. Be3 b6 8. d4 exd4 9. cxd4 Ba6 10. Nbc3 0-0 11. dxc5 bxc5 12. 0-0 Nd4 13. Qd2 Rb8 14. Rab1 Nec6 15. Rfd1 Qa5 16. Bf4 Bxe2 17. Nxe2 Rb5 18. Qxa5 Nxe2+ 19. Kf1 Rxa5 20. Kxe2 Rxa2 21. Rxd7 a5 22. Rc7 Nd4+ 23. Ke3 Ne6 24. Rb7 Bd4+ 25. Kf3 a4 26. Be3 Rd8 27. Bf1 a3 28. bxa3 Rxa3 29. R7b3 Rxb3 30. Rxb3 Ra8 1/2-1/2

[Event "BUL-chT2 64th"]
[Site "Sunny Beach"]
[Date "2015.05.31"]
[Round "1.4"]
[White "Genov, Petko"]
[Black "Stefanov, Plamen"]
[Result "1-0"]
[WhiteElo "2270"]
[BlackElo "2131"]
[PlyCount "39"]
[EventDate "2015.05.31"]
[EventType "team-swiss"]
[EventRounds "7"]
[EventCountry "BUL"]
[SourceTitle "CBM 166 Extra"]
[Source "ChessBase"]
[SourceDate "2015.06.18"]
[SourceVersion "1"]
[SourceVersionDate "2015.06.18"]
[SourceQuality "1"]
[WhiteTeam "Pazardzhik"]
[BlackTeam "Vratsa"]
[WhiteTeamCountry "BUL"]
[BlackTeamCountry "BUL"]

1. d4 Nf6 2. Nf3 d5 3. c4 c6 4. Nc3 a6 5. c5 Nbd7 6. Bf4 Nh5 7. e3 g6 8. Bd3 Bg7 9. 0-0 b6 10. cxb6 Nxb6 11. Ne5 Qd6 12. Na4 Rb8 13. Rc1 Nxa4 14. Qxa4 Rb4 15. Qa3 Rb6 16. Qa5 Rxb2 17. Rxc6 Qb8 18. Rxc8+ Qxc8 19. Bxa6 Qb8 20. Qa4+ 1-0

[Event "BUL-chT GpB 63rd"]
[Site "Sunny Beach"]
[Date "2013.09.22"]
[Round "5.5"]
[White "Genov, Petko"]
[Black "Naydenov, Nayden"]
[Result "1/2-1/2"]
[WhiteElo "2311"]
[BlackElo "2010"]
[PlyCount "66"]
[EventDate "2013.09.19"]
[EventType "team-tourn"]
[EventRounds "9"]
[EventCountry "BUL"]
[SourceTitle "CBM 156 Extra"]
[Source "ChessBase"]
[SourceDate "2013.10.22"]
[SourceVersion "1"]
[SourceVersionDate "2013.10.22"]
[SourceQuality "1"]
[WhiteTeam "Blagoevgrad Victory"]
[BlackTeam "Silistra"]
[WhiteTeamCountry "BUL"]
[BlackTeamCountry "BUL"]

1. d4 f5 2. g3 g6 3. Bg2 Nf6 4. Nf3 Bg7 5. 0-0 0-0 6. c4 d6 7. Nc3 c6 8. d5 e5 9. dxe6 Bxe6 10. Qd3 h6 11. Bf4 Ne8 12. Rfd1 Na6 13. Nd4 Bf7 14. b3 Nc5 15. Qd2 Qa5 16. e4 g5 17. Be3 fxe4 18. Nxe4 Qxd2 19. Rxd2 Nxe4 20. Bxe4 Nf6 21. Bf3 d5 22. Nf5 dxc4 23. bxc4 Bxc4 24. Rb1 Ba6 25. Bc5 Rfd8 26. Rxd8+ Rxd8 27. Nxg7 Kxg7 28. Bxa7 Rd2 29. Ra1 Bc4 30. a4 Bd5 31. Bxd5 Rxd5 32. Rb1 Ra5 33. Rxb7+ Kg6 1/2-1/2

[Event "BUL-chT GpB 63rd"]
[Site "Sunny Beach"]
[Date "2013.09.20"]
[Round "3.5"]
[White "Genov, Petko"]
[Black "Krastanov, Georgi"]
[Result "1/2-1/2"]
[WhiteElo "2311"]
[BlackElo "2068"]
[PlyCount "65"]
[EventDate "2013.09.19"]
[EventType "team-tourn"]
[EventRounds "9"]
[EventCountry "BUL"]
[SourceTitle "CBM 156 Extra"]
[Source "ChessBase"]
[SourceDate "2013.10.22"]
[SourceVersion "1"]
[SourceVersionDate "2013.10.22"]
[SourceQuality "1"]
[WhiteTeam "Blagoevgrad Victory"]
[BlackTeam "Sofia Slavia"]
[WhiteTeamCountry "BUL"]
[BlackTeamCountry "BUL"]

1. d4 Nf6 2. Nf3 d5 3. c4 e6 4. Nc3 Be7 5. Bg5 h6 6. Bxf6 Bxf6 7. e3 0-0 8. Qd2 c5 9. dxc5 dxc4 10. Bxc4 Qc7 11. Ne4 Be7 12. Rc1 Rd8 13. Qc3 b6 14. cxb6 Qxb6 15. 0-0 Bb7 16. Qc2 Nc6 17. Rfd1 Na5 18. Bd3 Rac8 19. Qe2 Bd5 20. Nc3 Ba8 21. Ba6 Rb8 22. Rxd8+ Rxd8 23. Rd1 Rxd1+ 24. Nxd1 Bf6 25. b3 Nc6 26. Bc4 a5 27. Nb2 Ne5 28. Nxe5 Bxe5 29. Nd3 Bc7 30. f3 Qd6 31. g3 Qc6 32. Kg2 g5 33. Kf2 1/2-1/2

[Event "BUL-chT GpB 63rd"]
[Site "Sunny Beach"]
[Date "2013.09.19"]
[Round "1.5"]
[White "Shivacheva, Donika"]
[Black "Genov, Petko"]
[Result "1/2-1/2"]
[WhiteElo "1719"]
[BlackElo "2311"]
[PlyCount "105"]
[EventDate "2013.09.19"]
[EventType "team-tourn"]
[EventRounds "9"]
[EventCountry "BUL"]
[SourceTitle "CBM 156 Extra"]
[Source "ChessBase"]
[SourceDate "2013.10.22"]
[SourceVersion "1"]
[SourceVersionDate "2013.10.22"]
[SourceQuality "1"]
[WhiteTeam "Yambol Tundzha"]
[BlackTeam "Blagoevgrad Victory"]
[WhiteTeamCountry "BUL"]
[BlackTeamCountry "BUL"]

1. e4 c5 2. Nc3 Nc6 3. g3 g6 4. Bg2 Bg7 5. Nge2 d6 6. d3 e5 7. f4 Nge7 8. Be3 Nd4 9. Qd2 Bh3 10. Nxd4 Bxg2 11. Ne6 fxe6 12. Qxg2 0-0 13. 0-0 exf4 14. Bxf4 Nc6 15. Be3 Qe7 16. Rxf8+ Rxf8 17. Rf1 Bd4 18. Rxf8+ Qxf8 19. Nd1 Ne5 20. Qf2 Qf3 21. Qxf3 Nxf3+ 22. Kh1 Ne1 23. Bxd4 cxd4 24. c3 dxc3 25. Nxc3 Nxd3 26. b3 a6 27. Kg2 b5 28. a3 Ne1+ 29. Kf2 Nc2 30. a4 b4 31. Ne2 Kf7 32. Nc1 Kf6 33. Ke2 Ke5 34. Kd3 Nd4 35. Ke3 Nc6 36. Nd3+ Kf6 37. Nc1 d5 38. exd5 exd5 39. Nd3 Kf5 40. Nc5 a5 41. h3 h5 42. Kd3 Ke5 43. Nd7+ Kd6 44. Nf8 Ne7 45. g4 Ke5 46. Ke3 hxg4 47. hxg4 d4+ 48. Kd3 g5 49. Nd7+ Kd5 50. Nf6+ Ke5 51. Nd7+ Kd5 52. Nf6+ Ke5 53. Nd7+ 1/2-1/2

[Event "BUL-chT2"]
[Site "Albena"]
[Date "2011.06.08"]
[Round "9.3"]
[White "Genov, Petko"]
[Black "Vutov, M Mario"]
[Result "1/2-1/2"]
[WhiteElo "2321"]
[BlackElo "2342"]
[PlyCount "60"]
[EventDate "2011.06.02"]
[EventType "team-tourn"]
[EventRounds "9"]
[EventCountry "BUL"]
[SourceTitle "CBM 142 Extra"]
[Source "ChessBase"]
[SourceDate "2011.06.27"]
[SourceVersion "1"]
[SourceVersionDate "2011.06.27"]
[SourceQuality "1"]
[WhiteTeam "Vratsa"]
[BlackTeam "Blagoevgrad Victory"]
[WhiteTeamCountry "BUL"]
[BlackTeamCountry "BUL"]

1. d4 d5 2. c4 c6 3. cxd5 cxd5 4. Nc3 Nc6 5. Bf4 Nf6 6. e3 Bf5 7. Nf3 e6 8. Bd3 Bxd3 9. Qxd3 Bd6 10. Bxd6 Qxd6 11. 0-0 0-0 12. Rac1 Rac8 13. h3 Nd7 14. Na4 Ne7 15. Qd2 Rxc1 16. Rxc1 Rc8 17. Rxc8+ Nxc8 18. Ne1 Qc6 19. Qc2 Qxc2 20. Nxc2 Kf8 21. Kf1 Ke7 22. Ke2 Kd6 23. Nc3 a6 24. Nb4 Ne7 25. Nd3 Nc6 26. b3 f6 27. f4 b6 28. g3 f5 29. Kd2 g6 30. a3 Kc7 1/2-1/2

[Event "BUL-ch"]
[Site "Sofia"]
[Date "1992.??.??"]
[Round "8"]
[White "Genov, Petko"]
[Black "Georgiev, Krum"]
[Result "0-1"]
[WhiteElo "2300"]
[BlackElo "2505"]
[PlyCount "74"]
[EventDate "1992.03.??"]
[EventType "tourn"]
[EventRounds "13"]
[EventCountry "BUL"]
[EventCategory "7"]
[SourceTitle "TD"]
[Source "ChessBase"]
[SourceDate "1994.03.01"]
[SourceVersion "1"]
[SourceVersionDate "1994.03.01"]
[SourceQuality "1"]

1. d4 Nf6 2. c4 g6 3. Nc3 Bg7 4. e4 d6 5. Be2 0-0 6. Nf3 e5 7. 0-0 Nc6 8. d5 Ne7 9. Nd2 a5 10. a3 Bd7 11. b3 Nc8 12. Bb2 Bh6 13. b4 axb4 14. axb4 Rxa1 15. Bxa1 Qe7 16. Nb3 Nb6 17. c5 Na4 18. Qd3 Ra8 19. Nb5 dxc5 20. bxc5 Nxc5 21. Nxc5 Qxc5 22. Bxe5 Qxb5 23. Qxb5 Bxb5 24. Bxb5 Nxe4 25. Bxc7 Nc3 26. Bc4 b5 27. Be5 bxc4 28. Bxc3 Ra3 29. Bf6 Rd3 30. g4 Bg7 31. Bxg7 Kxg7 32. Rc1 Rd4 33. g5 Kf8 34. Rc3 Ke7 35. Kf1 Kd6 36. Rf3 Rxd5 37. Rxf7 c3 0-1

[Event "BUL-ch sf"]
[Site "Sofia"]
[Date "1992.??.??"]
[Round "9"]
[White "Genov, Petko"]
[Black "Ninov, Nikolai"]
[Result "1-0"]
[WhiteElo "2300"]
[BlackElo "2370"]
[PlyCount "99"]
[EventDate "1992.??.??"]
[EventType "swiss"]
[EventRounds "9"]
[EventCountry "BUL"]
[SourceTitle "EXT 1999"]
[Source "ChessBase"]
[SourceDate "1998.11.16"]
[SourceVersion "1"]
[SourceVersionDate "1998.11.16"]
[SourceQuality "1"]

1. d4 d5 2. Nf3 Nf6 3. c4 e6 4. Nc3 Bb4 5. cxd5 exd5 6. Bg5 h6 7. Bxf6 Qxf6 8. e3 0-0 9. Be2 c6 10. 0-0 Bf5 11. Qb3 Qe7 12. Rfc1 Re8 13. Na4 Bg4 14. Nc5 Bxc5 15. Rxc5 Nd7 16. Rc3 Nf6 17. h3 Bxf3 18. Bxf3 Rab8 19. Qa3 a6 20. Qxe7 Rxe7 21. b4 Ne4 22. Bxe4 Rxe4 23. a4 f5 24. b5 axb5 25. axb5 f4 26. Ra5 Rbe8 27. bxc6 bxc6 28. Rxc6 fxe3 29. fxe3 Rxe3 30. Rxd5 Re1+ 31. Kh2 R8e6 32. Rxe6 Rxe6 33. Kg3 Kf7 34. Rf5+ Kg6 35. Rf4 Re2 36. Kf3 Rd2 37. Rg4+ Kf6 38. Ke4 Re2+ 39. Kd5 h5 40. Rg3 Ra2 41. Kc6 Rc2+ 42. Kd6 g5 43. d5 Rd2 44. Rf3+ Kg6 45. g3 g4 46. hxg4 hxg4 47. Rf4 Kg5 48. Ke5 Rd3 49. d6 Re3+ 50. Re4 1-0

[Event "BUL-ch"]
[Site "Sofia"]
[Date "1992.??.??"]
[Round "4"]
[White "Genov, Petko"]
[Black "Panbukchian, Valentin"]
[Result "0-1"]
[WhiteElo "2300"]
[BlackElo "2340"]
[PlyCount "82"]
[EventDate "1992.03.??"]
[EventType "tourn"]
[EventRounds "13"]
[EventCountry "BUL"]
[EventCategory "7"]
[SourceTitle "TD"]
[Source "ChessBase"]
[SourceDate "1994.03.01"]
[SourceVersion "1"]
[SourceVersionDate "1994.03.01"]
[SourceQuality "1"]

1. d4 d5 2. c4 c6 3. Nf3 Nf6 4. Nc3 dxc4 5. a4 Bf5 6. e3 e6 7. Bxc4 Bb4 8. 0-0 Nbd7 9. Qe2 Bg6 10. e4 Bxc3 11. bxc3 Nxe4 12. Ba3 Qa5 13. Bb4 Qc7 14. Nd2 c5 15. dxc5 Nexc5 16. Bb5 b6 17. a5 0-0 18. axb6 axb6 19. Qf3 Rxa1 20. Rxa1 h6 21. Nc4 Rd8 22. Rd1 Nf6 23. Ne3 Nce4 24. Rxd8+ Qxd8 25. Qe2 Qc7 26. Qe1 Nd6 27. Bf1 Nf5 28. Nxf5 Bxf5 29. c4 Ng4 30. g3 Ne5 31. Qe3 Nxc4 32. Qc1 b5 33. Bxc4 bxc4 34. Qe3 Qb7 35. Bc3 f6 36. f3 e5 37. g4 Bd3 38. Kf2 Qb3 39. Qe1 Qb8 40. Kg2 e4 41. fxe4 Qf4 0-1

[Event "Albena"]
[Site "Albena"]
[Date "1986.??.??"]
[Round "?"]
[White "Genov, Petko"]
[Black "Davies, Nigel Rodney"]
[Result "1/2-1/2"]
[WhiteElo "2395"]
[BlackElo "2410"]
[PlyCount "137"]
[EventDate "1986.09.??"]
[EventType "tourn"]
[EventRounds "11"]
[EventCountry "BUL"]
[EventCategory "7"]
[SourceTitle "EXT 1997"]
[Source "ChessBase"]
[SourceDate "1996.11.15"]
[SourceVersion "1"]
[SourceVersionDate "1996.11.15"]
[SourceQuality "1"]

1. d4 g6 2. c4 Bg7 3. Nc3 d6 4. e4 Nf6 5. Be2 0-0 6. Nf3 e5 7. Be3 h6 8. dxe5 Ng4 9. Bf4 Nxe5 10. Nd4 Nbc6 11. Nxc6 bxc6 12. Qd2 Kh7 13. 0-0 c5 14. Nd5 Rb8 15. b3 Nc6 16. Rae1 a5 17. Bd1 a4 18. b4 Nxb4 19. Bxa4 Nxd5 20. exd5 Rb2 21. Qe2 Rxa2 22. Bb5 Bd7 23. Bxd7 Qxd7 24. Qe7 Qf5 25. Bg3 Rc8 26. Re3 Bf8 27. Qh4 Raa8 28. Rf3 Qd7 29. Bf4 Qe7 30. Qg3 Re8 31. h4 Qd7 32. Bd2 Re4 33. Rf4 Rxf4 34. Qxf4 Re8 35. Re1 Rxe1+ 36. Bxe1 h5 37. Bc3 Qe7 38. Bf6 Qe1+ 39. Kh2 Kg8 40. f3 Qe2 41. Kh3 Bg7 42. Bxg7 Kxg7 43. Qc1 Qe5 44. Qd2 Qd4 45. Qe2 Kf8 46. Qa2 Qf4 47. Qb3 Kg7 48. Qb2+ Kh7 49. Qb5 Qf5+ 50. Kg3 Qe5+ 51. Kh3 Qf4 52. Qb3 Qd4 53. Qb5 Kg7 54. Qb3 Qa1 55. Qe3 Qa4 56. Qe4 Qd7+ 57. Kg3 Qf5 58. Qxf5 gxf5 59. Kf4 Kf6 60. g4 fxg4 61. fxg4 Kg6 62. gxh5+ Kxh5 63. Kf5 Kxh4 64. Kf6 Kg4 65. Kxf7 Kf4 66. Ke7 Ke4 67. Kd7 Kd4 68. Kxc7 Kxc4 69. Kxd6 1/2-1/2